[Event "Baer Polgar Challenge"]
[Site "chess24.com INT"]
[Date "2021.04.09"]
[Round "6.4"]
[White "Abdusattorov, Nodirbek"]
[Black "Bjerre, Jonas Buhl"]
[Result "1-0"]
[WhiteTitle "GM"]
[BlackTitle "GM"]
[WhiteElo "2627"]
[BlackElo "2550"]
[WhiteFideId "14204118"]
[BlackFideId "1444948"]
[EventDate "2021.04.08"]

1. e4 c5 2. Nf3 d6 3. d4 cxd4 4. Nxd4 Nf6 5. Nc3 a6 6. Be2 e5 7. Nb3 Be7 8. Bg5
Be6 9. Bxf6 Bxf6 10. Qd3 Be7 11. O-O-O Nd7 12. Nd5 Bxd5 13. Qxd5 Qc7 14. Kb1 O-O
15. Nd2 Nf6 16. Qd3 Rfd8 17. Bf3 Rac8 18. c3 b5 19. Rhe1 a5 20. Qxb5 Rb8 21. Qa4
Qxc3 22. Nb3 Qc7 23. Rc1 Qb6 24. Re2 d5 25. exd5 e4 26. Bxe4 Nxe4 27. Qxe4 Bf6
28. Rc6 Qb5 29. Qc4 Rxd5 30. Qxb5 Rdxb5 31. Rc5 h5 32. Rxb5 Rxb5 33. Re4 h4 34.
Kc2 Rf5 35. f4 g5 36. fxg5 Rxg5 37. Re2 a4 38. Nd2 Rc5+ 39. Kb1 Bg5 40. a3 f5
41. Nf3 Rc1+ 42. Ka2 Bf6 43. h3 Kg7 44. Ne1 Kg6 45. Nd3 Rc4 46. Kb1 Rd4 47. Kc2
Rc4+ 48. Kd2 Rd4 49. Re6 Kf7 50. Rb6 Bg5+ 51. Ke2 Re4+ 52. Kf1 Bf6 53. Rb4 Re3
54. Nf4 Be5 55. Kf2 Bxf4 56. Rxf4 Rb3 57. Rxf5+ Kg6 58. Rf4 Rxb2+ 59. Kg1 Kh5
60. Rxa4 Ra2 61. Ra8 Kg5 62. a4 Kg6 63. Rg8+ Kh5 64. Rg4 Rb2 65. Kf1 Rd2 66. Ke1
Rd8 67. a5 Re8+ 68. Kf2 Rf8+ 69. Ke3 Re8+ 70. Kf3 Rf8+ 71. Rf4 Rg8 72. Ra4 Rf8+
73. Ke4 Kg5 74. Ke5 Rf1 75. a6 1-0

[Event "Baer Polgar Challenge"]
[Site "chess24.com INT"]
[Date "2021.04.09"]
[Round "6.5"]
[White "Murzin, Volodar"]
[Black "Shuvalova, Polina"]
[Result "1-0"]
[WhiteTitle "IM"]
[BlackTitle "IM"]
[WhiteElo "2478"]
[BlackElo "2476"]
[WhiteFideId "44155573"]
[BlackFideId "24171760"]
[EventDate "2021.04.08"]

1. e4 e5 2. Nf3 Nc6 3. Bb5 a6 4. Ba4 Nf6 5. d3 d6 6. c3 g6 7. O-O Bg7 8. Nbd2
O-O 9. Re1 Re8 10. d4 b5 11. Bc2 exd4 12. cxd4 Nb4 13. Bb1 c5 14. d5 a5 15. a3
Na6 16. a4 Bd7 17. axb5 Bxb5 18. Ra3 Nb4 19. Nf1 a4 20. Bf4 Qb6 21. Qc1 Nd7 22.
Ne3 c4 23. Ng4 Nd3 24. Bxd3 cxd3 25. Nh6+ Kf8 26. Be3 Rac8 27. Qd2 Nc5 28. Qb4
Na6 29. Qd2 Qc7 30. Nd4 Qb7 31. f3 Nc5 32. Ng4 Bd7 33. Nf2 Rb8 34. Nxd3 Nxd3 35.
Qxd3 Qxb2 36. h3 Rec8 37. Nc6 Rb3 38. Rxb3 Qxb3 39. Qa6 Re8 40. Qa7 Bxc6 41.
dxc6 a3 42. Bd4 a2 43. Bxg7+ Kxg7 44. Kh2 Qc3 45. Rd1 Qxc6 46. Qxa2 Qc5 47. Rd5
Qc3 48. Qf2 Re6 49. h4 h5 50. Qg3 Qf6 51. Rxd6 Qe7 52. Rd5 Kh7 53. Qf4 Qf6 54.
Qg3 Qe7 55. Rg5 Qf6 56. Qb8 Qe7 57. Qf4 Qf6 58. Kg3 Qxf4+ 59. Kxf4 Ra6 60. Rd5
Ra2 61. g4 hxg4 62. fxg4 Rf2+ 63. Kg3 Re2 64. Kf3 Re1 65. h5 gxh5 66. gxh5 Kh6
67. Rf5 Rf1+ 68. Kg4 Re1 69. Kf4 Kg7 70. Ke5 Rh1 71. Rg5+ Kf8 72. Kf6 Rf1+ 73.
Rf5 Rh1 74. Ra5 Rf1+ 75. Rf5 Rh1 76. e5 Kg8 77. Ke7 Rg1 78. Rxf7 Rg5 79. e6 Rxh5
80. Rf1 Ra5 81. Rg1+ Kh7 82. Kf6 Ra2 83. e7 Rf2+ 84. Ke6 Re2+ 85. Kf7 Rf2+ 86.
Ke8 Kh6 87. Rd1 Kg7 88. Kd8 1-0

[Event "Baer Polgar Challenge"]
[Site "chess24.com INT"]
[Date "2021.04.09"]
[Round "6.7"]
[White "Nihal, Sarin"]
[Black "Liang, Awonder"]
[Result "1-0"]
[WhiteTitle "GM"]
[BlackTitle "GM"]
[WhiteElo "2620"]
[BlackElo "2592"]
[WhiteFideId "25092340"]
[BlackFideId "2056437"]
[EventDate "2021.04.08"]

1. Nf3 c6 2. d4 Nf6 3. c4 d5 4. Nc3 e6 5. Bg5 Nbd7 6. e3 Qa5 7. Nd2 Be7 8. cxd5
exd5 9. Bd3 Nf8 10. O-O Ng6 11. f4 h6 12. Bxf6 Bxf6 13. Qh5 O-O 14. Nf3 Ne7 15.
Ne4 Qd8 16. Nxf6+ gxf6 17. Qxh6 Bf5 18. Rad1 Bxd3 19. Rxd3 Nf5 20. Qh3 Ng7 21.
Nh4 Qe7 22. e4 Qxe4 23. Rg3 1-0

[Event "Baer Polgar Challenge"]
[Site "chess24.com INT"]
[Date "2021.04.09"]
[Round "6.10"]
[White "Yip, Carissa"]
[Black "Praggnanandhaa, R"]
[Result "0-1"]
[WhiteTitle "IM"]
[BlackTitle "GM"]
[WhiteElo "2430"]
[BlackElo "2608"]
[WhiteFideId "2090732"]
[BlackFideId "25059530"]
[EventDate "2021.04.08"]

1. e4 c5 2. Nf3 Nc6 3. d4 cxd4 4. Nxd4 Nf6 5. Nc3 d6 6. Bg5 e6 7. Qd2 a6 8.
O-O-O Bd7 9. f4 b5 10. Nxc6 Bxc6 11. f5 b4 12. Bxf6 Qxf6 13. Ne2 Be7 14. Nd4
Bxe4 15. fxe6 fxe6 16. Re1 Bd5 17. Bd3 O-O 18. Kb1 Qf7 19. Rhf1 Bf6 20. g4 Qd7
21. Nb3 a5 22. g5 Be5 23. Rxf8+ Rxf8 24. Nxa5 Qa4 25. Nb3 Ra8 26. Bxh7+ Kxh7 27.
Qd3+ Kg8 28. Qh3 Qxa2+ 29. Kc1 Qxb2+ 30. Kd1 Bxb3 0-1

[Event "Baer Polgar Challenge"]
[Site "chess24.com INT"]
[Date "2021.04.09"]
[Round "7.1"]
[White "Praggnanandhaa, R"]
[Black "Zhu, Jiner"]
[Result "1-0"]
[WhiteTitle "GM"]
[BlackTitle "WGM"]
[WhiteElo "2608"]
[BlackElo "2459"]
[WhiteFideId "25059530"]
[BlackFideId "8608059"]
[EventDate "2021.04.08"]

1. Nf3 Nf6 2. g3 e6 3. Bg2 d5 4. O-O c5 5. d3 Nc6 6. Nbd2 Be7 7. e4 Qc7 8. Re1
O-O 9. e5 Nd7 10. Qe2 b5 11. Nf1 b4 12. Bf4 a5 13. Ne3 Qb6 14. h4 Bb7 15. Qd2
Rfd8 16. h5 a4 17. h6 g6 18. a3 Nd4 19. Nxd4 cxd4 20. Ng4 bxa3 21. bxa3 Qa5 22.
Qc1 Rdc8 23. Bg5 Qd8 24. Bxe7 Qxe7 25. Rb1 Ba6 26. Rb4 Bxd3 27. Rb7 Kh8 28. Nf6
Bb5 29. Rxb5 Nxf6 30. exf6 Qxf6 31. Qd2 Rc4 32. Reb1 Qe5 33. Rb7 Kg8 34. Bf1 Rc3
35. Bd3 Rac8 36. Ra7 Rxa3 37. Qb4 Rac3 38. Qb7 Rf8 39. Ra8 Qd6 40. Qa7 Rcc8 41.
Rxc8 Rxc8 42. Qxd4 Qf8 43. Qxa4 Qxh6 44. Qd7 Rf8 45. Qd6 Qd2 46. Kg2 h5 47. Rb7
Qg5 48. Qb4 Qf6 49. Qb2 Qg5 50. Qd4 Rc8 51. Qh4 Qxh4 52. gxh4 Kg7 53. Kg3 Kf6
54. f3 Rc5 55. Rd7 Rc8 56. Ra7 Rb8 57. Ra1 Rb4 58. f4 Rb7 59. Kf3 Rb4 60. Ke3
Rb7 61. Kd2 Rb4 62. Rf1 Rb7 63. Kc3 Rc7+ 64. Kd4 Rc8 65. Rb1 Rc7 66. Rb6 Rc8 67.
Rb7 Rc6 68. c3 Rc8 69. Bb5 Ra8 70. Kc5 Rf8 71. Kd6 Rc8 72. Bc6 Rf8 73. Bd7 Ra8
74. Rc7 Rd8 75. Rc8 Rxc8 76. Bxc8 Kf5 77. Ke7 Kxf4 78. Kxf7 g5 79. hxg5 Kxg5 80.
Kxe6 1-0

[Event "Baer Polgar Challenge"]
[Site "chess24.com INT"]
[Date "2021.04.09"]
[Round "7.5"]
[White "Yoo, Christopher Woojin"]
[Black "Nihal, Sarin"]
[Result "1/2-1/2"]
[WhiteTitle "IM"]
[BlackTitle "GM"]
[WhiteElo "2455"]
[BlackElo "2620"]
[WhiteFideId "30909694"]
[BlackFideId "25092340"]
[EventDate "2021.04.08"]

1. d4 Nf6 2. Nf3 d5 3. c4 e6 4. Nc3 dxc4 5. Qa4+ Nbd7 6. e4 Be7 7. Bxc4 O-O 8.
Qc2 c5 9. e5 Nd5 10. Nxd5 exd5 11. Bd3 h6 12. O-O cxd4 13. Bf4 Nc5 14. Nxd4 Bd7
15. Bf5 Rc8 16. Bxd7 Qxd7 17. Qf5 Ne6 18. Rfd1 Rfd8 19. Be3 Nxd4 20. Qxd7 Rxd7
21. Bxd4 Bc5 22. Rac1 Rdc7 23. Kf1 Bxd4 24. Rxc7 Rxc7 25. Rxd4 Rc2 26. Rxd5 Rxb2
27. Rd7 a5 28. a4 Rb4 29. f3 b6 30. Rb7 Rxa4 31. Rxb6 Ra2 32. Ra6 a4 33. Kg1 a3
34. h4 h5 35. Kh2 Re2 36. Rxa3 Rxe5 37. Kg3 g6 38. Rd3 Kg7 39. Kf2 Ra5 40. Re3
Ra2+ 41. Kg3 Ra4 42. Rd3 Rc4 43. Ra3 Rb4 44. Re3 Ra4 45. Rc3 Rb4 46. Rc7 Ra4 47.
Rd7 Rb4 48. Rc7 Ra4 49. Rb7 Rc4 50. Ra7 Rb4 51. Rc7 1/2-1/2

[Event "Baer Polgar Challenge"]
[Site "chess24.com INT"]
[Date "2021.04.09"]
[Round "7.8"]
[White "Gukesh, D"]
[Black "Abdusattorov, Nodirbek"]
[Result "0-1"]
[WhiteTitle "GM"]
[BlackTitle "GM"]
[WhiteElo "2578"]
[BlackElo "2627"]
[WhiteFideId "46616543"]
[BlackFideId "14204118"]
[EventDate "2021.04.08"]

1. d4 Nf6 2. Nf3 e6 3. c4 d5 4. g3 Bb4+ 5. Nbd2 dxc4 6. Bg2 b5 7. a4 c6 8. O-O
a5 9. Ne1 Ra7 10. Nc2 Be7 11. e4 O-O 12. e5 Nd5 13. Ne4 Nd7 14. h4 f6 15. exf6
N7xf6 16. Ng5 h6 17. Nf3 Ng4 18. Qe2 Qe8 19. Nd2 h5 20. Ne4 Qg6 21. Ne3 Nb4 22.
axb5 cxb5 23. Nc3 Nxe3 24. Bxe3 Bd7 25. d5 Ra6 26. Rad1 exd5 27. Nxd5 Nxd5 28.
Bxd5+ Kh8 29. Bf3 Bg4 30. Bxg4 Qxg4 31. Qxg4 hxg4 32. Rd7 Bf6 33. Bd4 Rd8 34.
Rxd8+ Bxd8 35. Re1 Rd6 36. Re4 a4 37. Rxg4 Bf6 38. Bxf6 gxf6 39. Rf4 Rd2 40.
Rxf6 Rxb2 41. Kg2 a3 42. Ra6 a2 43. Ra8+ Kg7 44. Ra7+ Kf6 45. Ra6+ Kf7 46. Ra7+
Kg6 47. Ra6+ Kf5 48. h5 Kg5 49. h6 a1=Q 50. Rxa1 Kxh6 51. Ra6+ Kg5 52. Rc6 Kf5
53. Kf3 Rb3+ 54. Ke2 c3 55. Kd3 b4 56. Rc5+ Ke6 57. g4 Rb2 58. Rc4 Kd5 59. Rd4+
Kc5 60. Rc4+ Kb5 61. Rf4 Rd2+ 62. Ke3 b3 63. Rf8 b2 64. Rb8+ Kc4 65. g5 Rd5 66.
g6 c2 67. Rc8+ Rc5 0-1

[Event "Baer Polgar Challenge"]
[Site "chess24.com INT"]
[Date "2021.04.09"]
[Round "8.3"]
[White "Abdusattorov, Nodirbek"]
[Black "Keymer, Vincent"]
[Result "1-0"]
[WhiteTitle "GM"]
[BlackTitle "GM"]
[WhiteElo "2627"]
[BlackElo "2591"]
[WhiteFideId "14204118"]
[BlackFideId "12940690"]
[EventDate "2021.04.08"]

1. e4 c5 2. Nf3 d6 3. Nc3 Nf6 4. e5 dxe5 5. Nxe5 a6 6. a4 Qc7 7. d4 e6 8. Bf4
Bd6 9. Bg3 Nbd7 10. Nc4 Bxg3 11. hxg3 O-O 12. Qd3 h6 13. a5 b5 14. axb6 Nxb6 15.
dxc5 Nxc4 16. Qxc4 Rb8 17. Bd3 Rxb2 18. O-O Bb7 19. Na4 Rb5 20. Qc3 Ra5 21. Rfb1
Bxg2 22. Kxg2 Rxa4 23. Rxa4 Qc6+ 24. Kg1 Qxa4 25. Ra1 Qg4 26. c6 Nd5 27. Qe5 Rc8
28. Rxa6 Nb4 29. Rb6 Qd1+ 30. Kg2 Nxc2 31. Rb8 Rf8 32. Rxf8+ Kxf8 33. Qd6+ Ke8
34. Qd7+ Kf8 35. Qd8# 1-0

[Event "Baer Polgar Challenge"]
[Site "chess24.com INT"]
[Date "2021.04.09"]
[Round "8.6"]
[White "Nihal, Sarin"]
[Black "Shuvalova, Polina"]
[Result "1-0"]
[WhiteTitle "GM"]
[BlackTitle "IM"]
[WhiteElo "2620"]
[BlackElo "2476"]
[WhiteFideId "25092340"]
[BlackFideId "24171760"]
[EventDate "2021.04.08"]

1. Nf3 Nf6 2. c4 e6 3. Nc3 d5 4. e3 Be7 5. b3 O-O 6. Bb2 dxc4 7. Bxc4 c5 8. d4
b6 9. d5 exd5 10. Nxd5 Bb7 11. Nxe7+ Qxe7 12. O-O Nbd7 13. Qe2 Rad8 14. Rfd1 h6
15. a4 Ne4 16. Qc2 Ng5 17. Nxg5 Qxg5 18. f4 Qe7 19. Qg6 Nf6 20. Bxf6 Qxf6 21.
Qxf6 gxf6 22. Kf2 Kg7 23. g4 a6 24. h3 f5 25. Rac1 Kf6 26. Be2 a5 27. Bd3 fxg4
28. hxg4 Rg8 29. Bc4 Ke7 30. Kg3 Bc8 31. Rxd8 Rxd8 32. Rh1 Rg8 33. Rh4 Rg6 34.
Kf3 Rd6 35. Rh5 Bb7+ 36. Kg3 Bc6 37. f5 Rd1 38. Rxh6 f6 39. Rh7+ Kd6 40. Rf7
Rg1+ 41. Kf4 Bd7 42. Rxf6+ Ke7 43. Rxb6 Rg2 44. e4 1-0

[Event "Baer Polgar Challenge"]
[Site "chess24.com INT"]
[Date "2021.04.09"]
[Round "8.10"]
[White "Praggnanandhaa, R"]
[Black "Salimova, Nurgyul"]
[Result "1-0"]
[WhiteTitle "GM"]
[BlackTitle "IM"]
[WhiteElo "2608"]
[BlackElo "2397"]
[WhiteFideId "25059530"]
[BlackFideId "2915138"]
[EventDate "2021.04.08"]

1. Nf3 d5 2. g3 Nf6 3. Bg2 c5 4. O-O e6 5. c4 Nc6 6. cxd5 exd5 7. d4 cxd4 8.
Nxd4 Bc5 9. Nxc6 bxc6 10. Qc2 Qb6 11. Nc3 Be7 12. Be3 Qa6 13. Na4 O-O 14. Rac1
Bd7 15. Nc5 Bxc5 16. Bxc5 Rfe8 17. e3 Ne4 18. Bd4 Rab8 19. b3 Qb7 20. Qb2 f6 21.
Rc2 a5 22. Rfc1 Qc7 23. Qa3 Qd8 24. h4 Qc7 25. Bf3 Rb5 26. Kg2 Qb8 27. Be2 Rb7
28. Qxa5 Qd6 29. Bf3 Qe6 30. Qa6 Rbb8 31. Kg1 Qf5 32. Bg2 h5 33. Qe2 Qg6 34. Qf3
Nd6 35. Qf4 Nf5 36. Bb2 Nh6 37. Bd4 Ra8 38. a4 Nf7 39. Rxc6 Bxc6 40. Rxc6 Rad8
41. Rc1 Ne5 42. Rd1 Qc2 43. Bf3 Nd3 44. Rxd3 Qxd3 45. Bxh5 Re7 46. b4 Rc8 47.
Bf3 Qc4 48. b5 Rd8 49. b6 Qxa4 50. h5 Qb3 51. h6 Qb1+ 52. Kg2 Qg6 53. hxg7 Kxg7
54. Bc5 Rf7 55. Bd4 Rh8 56. Qg4 Qxg4 57. Bxg4 Rb8 58. Be6 Rfb7 59. Bxd5 Rxb6 60.
Bxb6 Rxb6 61. Kf3 Rd6 62. Ke4 Rb6 63. Kf4 Rb2 64. f3 Kg6 65. e4 Re2 66. Be6 Re1
67. Bd7 Re2 68. g4 Re1 69. Be8+ Kg7 70. g5 Rg1 71. gxf6+ Kxf6 72. Bh5 Re1 73.
Bg4 Re2 74. Bd7 Re1 75. Bc6 Re2 76. Bd5 Re1 77. Bc4 Ke7 78. Ke5 Rc1 79. Kd4 Rd1+
80. Bd3 Ke6 81. f4 Re1 82. e5 Rd1 83. f5+ Kd7 84. Ke4 Re1+ 85. Kf4 Rg1 86. f6
Ra1 87. Bf5+ Ke8 88. e6 Ra7 89. Be4 Kf8 90. Ke5 Ke8 91. Kd6 Kf8 92. e7+ Kf7 93.
Bd5+ Kxf6 94. e8=Q Ra6+ 95. Bc6 1-0

[Event "Baer Polgar Challenge"]
[Site "chess24.com INT"]
[Date "2021.04.09"]
[Round "9.6"]
[White "Bjerre, Jonas Buhl"]
[Black "Nihal, Sarin"]
[Result "0-1"]
[WhiteTitle "GM"]
[BlackTitle "GM"]
[WhiteElo "2550"]
[BlackElo "2620"]
[WhiteFideId "1444948"]
[BlackFideId "25092340"]
[EventDate "2021.04.08"]

1. d4 g6 2. c4 Bg7 3. Nf3 d6 4. Nc3 Nc6 5. g3 Bd7 6. Bg2 Qc8 7. O-O Bh3 8. Qa4
Kf8 9. Be3 h5 10. Ne4 Bxg2 11. Kxg2 h4 12. Neg5 Nh6 13. Nxh4 Nxd4 14. Qd1 Ndf5
15. Nxf5 Nxf5 16. Bc1 Bf6 17. e4 Nxg3 18. hxg3 Bxg5 19. Rh1 Bf6 20. Rxh8+ Bxh8
21. Qh1 Kg8 22. Qh4 Bf6 23. Bg5 Bxg5 24. Qxg5 Qe6 25. Qh4 Qf6 26. Qxf6 exf6 27.
Rd1 Kf8 28. Kf3 Ke7 29. Rd3 a5 30. Ra3 b6 31. b4 Ke6 32. Ke3 f5 33. exf5+ Kxf5
34. Kd4 Ke6 35. Ra4 Kd7 36. Ra3 Ke6 37. Re3+ Kd7 38. Ra3 f5 39. Kd5 Re8 40. bxa5
Re4 0-1

[Event "Baer Polgar Challenge"]
[Site "chess24.com INT"]
[Date "2021.04.09"]
[Round "9.9"]
[White "Mendonca, Leon Luke"]
[Black "Abdusattorov, Nodirbek"]
[Result "1-0"]
[WhiteTitle "IM"]
[BlackTitle "GM"]
[WhiteElo "2549"]
[BlackElo "2627"]
[WhiteFideId "35028561"]
[BlackFideId "14204118"]
[EventDate "2021.04.08"]

1. Nf3 Nf6 2. c4 e6 3. Nc3 d5 4. e3 c5 5. cxd5 Nxd5 6. b3 Nb4 7. d3 b6 8. a3
N4c6 9. Bb2 Be7 10. Be2 Bb7 11. Ne4 O-O 12. O-O Nd7 13. Qc2 e5 14. Rac1 Rc8 15.
Qb1 Re8 16. Rfe1 h6 17. Bf1 Bf8 18. h3 Nf6 19. Nxf6+ Qxf6 20. Nd2 Qg6 21. Bc3
Bd6 22. Ne4 Bb8 23. b4 cxb4 24. axb4 Ne7 25. Ba1 Nf5 26. Rxc8 Rxc8 27. Rc1 Rd8
28. b5 Nh4 29. Qb4 Rd7 30. Ng3 Qg5 31. Qg4 f5 32. Qxg5 hxg5 33. f3 e4 34. Kf2 f4
35. Nxe4 fxe3+ 36. Ke1 Nf5 37. Rc4 Bf4 38. g4 Ng3 39. Be2 Rd5 40. Rb4 Rd8 41.
Rc4 Bd5 42. Rc2 Rf8 43. Bd4 Rd8 44. Bb2 Bf7 45. d4 Nxe2 46. Kxe2 Be8 47. Rc6 Rd5
48. Rc8 Kf7 49. Nc3 Rxd4 50. Bc1 Bd7 51. Bxe3 Rb4 52. Ra8 Rb3 53. Bxf4 gxf4 54.
Rxa7 Ke6 55. Kd2 Bxb5 56. Nxb5 Rxb5 57. Rxg7 Rb3 58. Ke2 b5 59. h4 Ke5 60. h5
Rb2+ 61. Kf1 b4 62. h6 Rh2 63. Rb7 Rxh6 64. Rxb4 Rf6 65. Rb5+ Kd4 66. Kf2 Rf8
67. Ra5 Rf7 68. g5 Rb7 69. Kg2 Rh7 70. Rf5 Ke3 71. Re5+ Kd3 72. g6 Rg7 73. Re6
Kd4 74. Kh3 Kd5 75. Ra6 Ke5 76. Kg4 Rb7 77. Kg5 Rb3 78. Ra5+ Ke6 79. Kxf4 Kf6
80. Ra6+ Kg7 81. Kg4 Kh6 82. f4 Rb5 83. Rc6 Ra5 84. Re6 Rb5 85. f5 Rb4+ 86. Kf3
Rb3+ 87. Kf4 Rb4+ 88. Re4 Rb5 89. Re8 Rb4+ 90. Ke5 Rb7 91. Kf6 Rb6+ 92. Kf7 Rb7+
93. Re7 Rb5 94. f6 Rg5 95. Re1 Rg1 96. Rxg1 1-0

[Event "Baer Polgar Challenge"]
[Site "chess24.com INT"]
[Date "2021.04.09"]
[Round "10.2"]
[White "Abdusattorov, Nodirbek"]
[Black "Abdumalik, Zhansaya"]
[Result "1-0"]
[WhiteTitle "GM"]
[BlackTitle "IM"]
[WhiteElo "2627"]
[BlackElo "2472"]
[WhiteFideId "14204118"]
[BlackFideId "13703544"]
[EventDate "2021.04.08"]

1. e4 e5 2. Nf3 Nc6 3. Bc4 Nf6 4. d3 Be7 5. O-O d6 6. a4 O-O 7. a5 a6 8. c3 Be6
9. Nbd2 d5 10. exd5 Nxd5 11. Re1 Nf4 12. Bxe6 Nxe6 13. Nc4 Bd6 14. Nfxe5 Nxe5
15. Nxe5 Qh4 16. g3 Qh3 17. Qg4 Qxg4 18. Nxg4 c5 19. f4 h5 20. Nf2 g6 21. Kg2
Rfd8 22. Kf3 Kg7 23. Be3 Rac8 24. Ra4 Bf8 25. Rc4 f5 26. Ra1 Kf7 27. Ra3 Rd7 28.
Rb3 Nd8 29. Ra3 Rcc7 30. Ke2 Rc6 31. Kd2 Ke8 32. Rb3 Nf7 33. Ke2 Re6 34. Kf3 Rc7
35. Ra4 Kd7 36. Nh3 Nd6 37. Rb6 c4 38. Nf2 Re8 39. Bd4 cxd3 40. Nxd3 Kc8 41. Ne5
Re6 42. c4 Re8 43. b3 g5 44. fxg5 Ne4 45. Kf4 Bg7 46. Kxf5 Nc5 47. Ra3 Nd7 48.
Re6 Rf8+ 49. Kg6 Bxe5 50. Bxe5 Rc6 51. Bd6 Rd8 52. Kf7 Nc5 53. Bxc5 Rxc5 54. g6
Rg5 55. Ra2 Rd7+ 56. Kf6 Rg4 57. Rae2 Rd3 58. Re8+ Kc7 59. R2e7+ Kc6 60. Rc8+ 1-0

[Event "Baer Polgar Challenge"]
[Site "chess24.com INT"]
[Date "2021.04.09"]
[Round "10.6"]
[White "Badelka, Olga"]
[Black "Bjerre, Jonas Buhl"]
[Result "0-1"]
[WhiteTitle "IM"]
[BlackTitle "GM"]
[WhiteElo "2433"]
[BlackElo "2550"]
[WhiteFideId "13509926"]
[BlackFideId "1444948"]
[EventDate "2021.04.08"]

1. d4 Nf6 2. c4 e6 3. Nc3 Bb4 4. e3 O-O 5. Ne2 Re8 6. a3 Bf8 7. d5 a5 8. Ng3 Na6
9. Be2 Nc5 10. e4 exd5 11. exd5 a4 12. Be3 d6 13. O-O Bd7 14. Qc2 g6 15. Rae1
Bg7 16. Bd1 h5 17. Bg5 Rxe1 18. Rxe1 Qf8 19. h3 Re8 20. Re2 Nh7 21. Be3 h4 22.
Bxc5 dxc5 23. Nge4 Bd4 24. Qd3 Qh6 25. Nd2 Qf4 26. Rxe8+ Bxe8 27. Nf3 Bf6 28.
Bxa4 Bxc3 29. Bxe8 Bxb2 30. Qe2 Bf6 31. a4 Nf8 32. Bb5 b6 33. Bc6 Kg7 34. Bb5
Bd4 35. Bc6 Nh7 36. Nxd4 cxd4 37. c5 Qc1+ 38. Kh2 Qxc5 39. Qe5+ Nf6 40. Qxc7 d3
41. d6 Qe5+ 42. Kg1 d2 43. Bf3 Qe1+ 44. Kh2 d1=Q 45. Bxd1 Qxd1 46. Qxb6 Ne4 47.
Qb2+ Kh7 48. a5 Qxd6+ 49. Kg1 Qd1+ 50. Kh2 Nd2 51. g4 hxg3+ 52. Kxg3 Qf3+ 53.
Kh2 Qxf2+ 54. Kh1 Qf1+ 55. Kh2 Qe2+ 56. Kh1 Qe4+ 57. Kh2 Nc4 58. Qc3 Qe5+ 0-1

[Event "Baer Polgar Challenge"]
[Site "chess24.com INT"]
[Date "2021.04.09"]
[Round "10.9"]
[White "Praggnanandhaa, R"]
[Black "Liang, Awonder"]
[Result "1/2-1/2"]
[WhiteTitle "GM"]
[BlackTitle "GM"]
[WhiteElo "2608"]
[BlackElo "2592"]
[WhiteFideId "25059530"]
[BlackFideId "2056437"]
[EventDate "2021.04.08"]

1. d4 Nf6 2. Bf4 c5 3. e3 g6 4. c3 Bg7 5. dxc5 O-O 6. Nf3 a5 7. Bb5 Na6 8. Qd4
Nh5 9. Be5 f6 10. Bg3 e5 11. Qc4+ Kh8 12. Nbd2 b6 13. cxb6 d5 14. Qe2 Qxb6 15.
a4 Nc7 16. c4 dxc4 17. Bxc4 Qxb2 18. O-O Qb4 19. Rfc1 Qe7 20. Rab1 Bd7 21. Bb5
Bf5 22. e4 Be6 23. Qe3 Nxb5 24. Rxb5 Rfb8 25. Rbc5 Rd8 26. Qc3 Rdc8 27. h3 Bf8
28. Rc7 Rxc7 29. Qxc7 Rc8 30. Qxc8 Bxc8 31. Rxc8 Kg8 32. Bh2 Qd7 33. Ra8 Qxa4
34. g4 Nf4 35. Bxf4 exf4 36. Kg2 Kf7 37. e5 Be7 38. Ra7 Qb4 39. exf6 Kxf6 40.
Ra6+ Kg7 41. Re6 a4 42. Re4 Qa3 43. Nb1 Qd6 44. Rxa4 h5 45. gxh5 gxh5 46. Nbd2
Qg6+ 47. Kf1 Qf5 48. Kg2 Qg6+ 49. Kf1 Qd3+ 50. Kg2 Qg6+ 1/2-1/2

[Event "Baer Polgar Challenge"]
[Site "chess24.com INT"]
[Date "2021.04.10"]
[Round "11.3"]
[White "Yoo, Christopher Woojin"]
[Black "Praggnanandhaa, R"]
[Result "0-1"]
[WhiteTitle "IM"]
[BlackTitle "GM"]
[WhiteElo "2455"]
[BlackElo "2608"]
[WhiteFideId "30909694"]
[BlackFideId "25059530"]
[EventDate "2021.04.08"]

1. e4 c5 2. Nf3 Nc6 3. d4 cxd4 4. Nxd4 Nf6 5. Nc3 h5 6. Bg5 Qa5 7. Bxf6 gxf6 8.
Be2 e6 9. Nb5 Be7 10. a3 a6 11. b4 Qb6 12. Na4 Qd8 13. Nd6+ Bxd6 14. Qxd6 b5 15.
Nc5 Qe7 16. Qc7 Qd8 17. Qg3 d6 18. Qg7 Ke7 19. e5 Nxe5 20. Ne4 Nd7 21. Nxd6 Kxd6
22. Qxf7 Bb7 23. c4 bxc4 24. Bxc4 Bd5 25. Rd1 Qe7 26. Qg6 Ne5 27. Qg3 Rhg8 28.
Qb3 Nxc4 29. Qxc4 Qc7 30. Qf4+ Kd7 31. Rxd5+ exd5 32. Qf5+ Ke7 33. O-O Rg7 34.
Qxd5 Re8 35. Qxh5 Qe5 36. Qh6 Kf7 37. h3 Qd5 38. g3 Qg5 39. Qxg5 Rxg5 40. Rd1
Rge5 41. Rd3 a5 42. Kg2 axb4 43. axb4 Rb5 44. Rd4 Reb8 45. h4 Rxb4 46. Rd6 Rb2
47. Rd7+ Kg6 48. Rd4 Rc8 49. Rf4 f5 50. Rd4 Rcc2 51. Rf4 Re2 52. Rf3 Rb4 53. Kf1
Re6 54. Kg2 Ree4 55. Kh3 Kf6 56. Rd3 Ke5 57. Rf3 Re1 58. Kg2 f4 59. g4 Ke4 60.
Ra3 f3+ 61. Kh2 Kf4 62. Ra8 Kxg4 63. Rg8+ Kh5 64. Rh8+ Kg6 65. Rg8+ Kh7 66. Rg5
Rxh4+ 67. Kg3 Rh6 68. Rf5 Kg7 69. Ra5 Rf6 70. Ra7+ Kg6 71. Ra8 Rg1+ 72. Kh4 Kh7
73. Ra7+ Rg7 0-1

[Event "Baer Polgar Challenge"]
[Site "chess24.com INT"]
[Date "2021.04.10"]
[Round "11.5"]
[White "Bjerre, Jonas Buhl"]
[Black "Lei, Tingjie"]
[Result "1-0"]
[WhiteTitle "GM"]
[BlackTitle "GM"]
[WhiteElo "2550"]
[BlackElo "2505"]
[WhiteFideId "1444948"]
[BlackFideId "8605114"]
[EventDate "2021.04.08"]

1. d4 Nf6 2. c4 e6 3. Nf3 d5 4. g3 dxc4 5. Bg2 Nc6 6. Qa4 Bb4+ 7. Bd2 Nd5 8.
Bxb4 Nxb4 9. Ne5 O-O 10. Nxc6 Nxc6 11. e3 b5 12. Qxb5 Rb8 13. Qa4 Nb4 14. O-O
Bd7 15. Qd1 Qe7 16. Na3 Nd3 17. Nxc4 Nxb2 18. Nxb2 Rxb2 19. Qc1 Qa3 20. Qxc7 Bb5
21. Rfb1 Bd3 22. Rxb2 Qxb2 23. Qc1 Qb4 24. Qd1 Qa3 25. Qb3 Qxb3 26. axb3 Rc8 27.
d5 exd5 28. Bxd5 Rc7 29. e4 g5 30. f3 Kg7 31. Kf2 a6 32. Ke3 Bb5 33. Kd4 Rc2 34.
h4 gxh4 35. gxh4 Rh2 36. Rg1+ Kf8 37. Rg4 Be8 38. e5 Ke7 39. Bc4 a5 40. Rf4 Rf2
41. Kc5 Rc2 42. Kb6 Rc1 43. Kxa5 Re1 44. Rf5 Rh1 45. h5 Rb1 46. Kb4 Rb2 47. Kc5
Rc2 48. h6 Kd8 49. Kb4 Ke7 50. f4 Rf2 51. Rf6 Rf3 52. Kc5 Rc3 53. Kd4 Rc1 54.
Bd3 Rd1 55. Kc3 Rh1 56. Bxh7 Bd7 57. Be4 Rh3+ 58. Kd4 Be6 59. b4 Rb3 60. Kc5
Rc3+ 61. Kb5 Bd7+ 62. Kb6 Be6 63. h7 Rh3 64. b5 Kf8 65. f5 Bd7 66. e6 Be8 67.
exf7 Bd7 68. Rd6 1-0

[Event "Baer Polgar Challenge"]
[Site "chess24.com INT"]
[Date "2021.04.10"]
[Round "11.6"]
[White "Gukesh, D"]
[Black "Badelka, Olga"]
[Result "1-0"]
[WhiteTitle "GM"]
[BlackTitle "IM"]
[WhiteElo "2578"]
[BlackElo "2433"]
[WhiteFideId "46616543"]
[BlackFideId "13509926"]
[EventDate "2021.04.08"]

1. d4 Nf6 2. Nf3 e6 3. c4 d5 4. g3 dxc4 5. Bg2 c6 6. O-O b5 7. Ne5 Bb7 8. Nc3 a6
9. b3 cxb3 10. Qxb3 Qxd4 11. Bf4 Be7 12. Rfd1 Qb4 13. Qc2 O-O 14. Rab1 Qc5 15.
Qd3 Nd5 16. Nxd5 cxd5 17. Rbc1 Qb6 18. e4 f6 19. Be3 Qd8 20. Ng4 Nc6 21. exd5
Nb4 22. Qe2 Nxd5 23. Bc5 Bxc5 24. Qxe6+ Kh8 25. Bxd5 Bc8 26. Qe2 Bxg4 27. Qxg4
Rc8 28. Be6 Bxf2+ 29. Kxf2 Qb6+ 30. Kg2 Rxc1 31. Rxc1 Qe3 32. Rc2 Re8 33. Bd7
Rf8 34. Qf3 Qd4 35. Bf5 g6 36. Bd3 Rd8 37. Bf1 Qe5 38. Re2 Qd4 39. h4 Rf8 40.
Qb7 Qa4 41. Qe7 Kg8 42. Kh2 Qd4 43. Bh3 Rd8 44. Be6+ Kh8 45. Bb3 a5 46. a3 b4
47. a4 Qd6 48. Qf7 Rf8 49. Qe6 Rd8 50. Qxd6 Rxd6 51. Re3 Rd2+ 52. Kh3 Rb2 53. g4
Kg7 54. Kg3 h5 55. gxh5 gxh5 56. Kf3 Kg6 57. Ke4 Rh2 58. Rg3+ Kh6 59. Kf5 Rxh4
60. Kxf6 Rf4+ 61. Ke5 Rf2 62. Bd5 h4 63. Rg8 Kh7 64. Rg4 Rh2 65. Be4+ Kh6 66.
Kf6 Rf2+ 67. Bf5 Kh5 68. Rg8 1-0